000 00570nam a2200181Ia 4500
008 121001t2007 xxu||||| |||| 00| 0 sin d
041 _asin
080 _a8 - 3 (Youth)
_bBLY
100 _aBlyton, Enid
245 _aහා පැංචා ගේ වික්‍රම - 3 දොළ ළඟ වික්‍රමය
246 _aHa Pancha Ge Wickrama - 3 Dola Laga Wickramaya
260 _aMalpiyali
_aDankotuwa
_c2007
300 _b94p, ill, 18 cm
700 _aSiriwardhana,Kumara
_etr.
942 _cBK
999 _c43479
_d43479
003 LK-CoDNM
040 _aLK-CoDNM
_dLK-CoDNM
_eLK-CoDNM